Statistics for Världens huvudstäder

Click here to take the quiz!

General Stats

  • This quiz has been taken 3 645 times
    (3 625 since last reset)
  • The average score is 79 of 200

Answer Stats

HintAnswer% Correct
SverigeStockholm
86%
DanmarkKöpenhamn
84%
NorgeOslo
84%
FinlandHelsingfors
83%
FrankrikeParis
83%
TysklandBerlin
81%
ItalienRom
81%
StorbritannienLondon
80%
USAWashington D.C.
80%
SpanienMadrid
79%
GreklandAten
76%
IrlandDublin
76%
NederländernaAmsterdam
73%
PortugalLissabon
72%
BulgarienSofia
72%
BelgienBryssel
71%
LettlandRiga
70%
ÖsterrikeWien
70%
UkrainaKiev
69%
LuxemburgLuxemburg
69%
MexikoMexico City
69%
TjeckienPrag
69%
JapanTokyo
69%
RysslandMoskva
68%
SchweizBern
67%
MonacoMonaco
67%
UngernBudapest
66%
EgyptenKairo
66%
IslandReykjavik
65%
KanadaOttawa
64%
EstlandTallinn
64%
BrasilienBrasília
62%
RumänienBukarest
62%
San MarinoSan Marino
61%
VitrysslandMinsk
60%
AlbanienTirana
60%
LitauenVilnius
60%
KroatienZagreb
59%
Bosnien och HercegovinaSarajevo
57%
IsraelJerusalem
56%
AlgerietAlger
55%
ArgentinaBuenos Aires
54%
PeruLima
54%
TurkietAnkara
53%
ThailandBangkok
53%
KinaBeijing
53%
AustralienCanberra
53%
KubaHavanna
53%
JamaicaKingston
53%
IrakBagdad
52%
SerbienBelgrad
51%
ChileSantiago
51%
SlovakienBratislava
50%
AfghanistanKabul
50%
SydafrikaKapstaden
50%
PanamaPanama City
50%
SydkoreaSeoul
50%
MakedonienSkopje
50%
MaltaValletta
50%
PolenWarszawa
50%
IndienNew Delhi
48%
IranTeheran
48%
TunisienTunis
48%
AndorraAndorra La Vella
47%
SingaporeSingapore
46%
SlovenienLjubljana
45%
KenyaNairobi
45%
El SalvadorSan Salvador
45%
LiechtensteinVaduz
45%
ColombiaBogotá
44%
UruguayMontevideo
44%
CypernNicosia
44%
MarockoRabat
44%
Nya ZeelandWellington
44%
AzerbajdzjanBaku
43%
KosovoPristina
43%
GuatemalaGuatemala City
42%
IndonesienJakarta
42%
FilippinernaManila
42%
Pretoria
42%
DR KongoKinshasa
41%
Förenade ArabemiratenAbu Dhabi
40%
VenezuelaCaracas
40%
MoldavienChișinău
40%
SyrienDamaskus
39%
DjiboutiDjibouti
39%
EtiopienAddis Abeba
38%
LibanonBeirut
38%
VietnamHanoi
38%
MontenegroPodgorica
38%
EcuadorQuito
38%
PakistanIslamabad
37%
LibyenTripoli
37%
SenegalDakar
36%
SomaliaMogadishu
36%
Costa RicaSan José
36%
KongoBrazzaville
35%
Sierra LeoneFreetown
35%
MalaysiaKuala Lumpur
35%
La Paz
35%
BahamasNassau
35%
HaitiPort-au-Prince
35%
NordkoreaPyongyang
35%
VatikanstatenVatikanstaden
35%
QatarDoha
34%
BangladeshDhaka
33%
AngolaLuanda
33%
JordanienAmman
32%
Guinea-BissauBissau
32%
GuyanaGeorgetown
32%
NepalKatmandu
32%
Saint Vincent och GrenadinernaKingstown
32%
KuwaitKuwait City
32%
MongolietUlaanbaatar
32%
GhanaAccra
31%
NicaraguaManagua
31%
Trinidad och TobagoPort of Spain
31%
JemenSana
31%
BoliviaSucre
31%
BelizeBelmopan
30%
ZimbabweHarare
30%
ArmenienJerevan
30%
SaudiarabienRiyadh
30%
TaiwanTaipei
30%
BarbadosBridgetown
29%
Dominikanska RepublikenSanto Domingo
29%
GeorgienTbilisi
29%
NigeriaAbuja
28%
MadagascarAntananarivo
28%
EritreaAsmara
28%
KazakstanAstana
28%
ParaguayAsunción
28%
Colombo
28%
UgandaKampala
28%
MoçambiqueMaputo
28%
São Tomé och PríncipeSão Tomé
28%
SeychellernaVictoria
28%
NamibiaWindhoek
28%
GambiaBanjul
27%
GabonLibreville
27%
SudanKhartoum
26%
ZambiaLusaka
26%
MaldivernaMalé
26%
OmanMuskat
26%
SydsudanJuba
25%
RwandaKigali
25%
LiberiaMonrovia
25%
HondurasTegucigalpa
25%
Centralafrikanska republikenBangui
24%
TanzaniaDodoma
24%
BotswanaGaborone
24%
BahrainManama
24%
SurinamParamaribo
24%
BeninPorto-Novo
24%
MaliBamako
23%
ÖsttimorDili
23%
TogoLomé
23%
Burkina FasoOuagadougou
23%
Antigua och BarbudaSaint John's
23%
GuineaConakry
22%
EkvatorialguineaMalabo
22%
TchadN'Djamena
22%
KambodjaPhnom Penh
22%
MauritiusPort Louis
22%
Kap VerdePraia
22%
MalawiLilongwe
21%
NigerNiamey
21%
DominicaRoseau
21%
KamerunYaoundé
21%
Saint Kitts och NevisBasseterre
20%
Saint LuciaCastries
20%
LesothoMaseru
20%
SwazilandMbabane
20%
BhutanThimphu
20%
LaosVientiane
20%
Bloemfontein
19%
KomorernaMoroni
19%
MauretanienNouakchott
19%
GrenadaSaint George's
19%
FijiSuva
19%
BurundiBujumbura
18%
ElfenbenskustenYamoussoukro
17%
KirgizistanBisjkek
16%
UzbekistanTasjkent
16%
BruneiBandar Seri Begawan
15%
TadzjikistanDusjanbe
14%
Papua Nya GuineaPort Moresby
14%
SamoaApia
13%
BurmaNaypyidaw
13%
VanuatuPort Vila
12%
TurkmenistanAsjchabad
11%
TuvaluFunafuti
11%
SalomonöarnaHoniara
11%
TongaNuku'alofa
11%
NauruYaren
11%
MikronesienPalikir
10%
MarshallöarnaMajuro
9%
PalauNgerulmud
9%
Sri LankaSri Jayawardenapura
9%
KiribatiTarawa
9%

Score Distribution

Percentile by Number Answered

Percent of People with Each Score

Your Score History

You have not taken this quiz since the last reset